| 000 | 00364nam a22001697a 4500 | ||
|---|---|---|---|
| 003 | OSt | ||
| 005 | 20211231105548.0 | ||
| 008 | 211231b |||||||| |||| 00| 0 eng d | ||
| 020 | _a0131202367 | ||
| 040 | _cHU | ||
| 050 | _a005.3 | ||
| 082 | _a005.3 | ||
| 100 |
_aDeitel N.H. _926590 |
||
| 245 | _ajava How to Program | ||
| 250 | _a5th | ||
| 942 |
_2ddc _cBOOKS _n0 |
||
| 999 |
_c25511 _d25511 |
||